Telescopes in India/ (Record no. 176606)

MARC details
000 -LEADER
fixed length control field 00670nam a22001937a 4500
005 - DATE AND TIME OF LATEST TRANSACTION
control field 20210111162022.0
010 ## - LCCN (DPL NO)
LC control number ENG-128753
020 ## - INTERNATIONAL STANDARD BOOK NUMBER
International Standard Book Number 978-81-237-9117-3
Terms of availability 385.00
035 ## - SYSTEM CONTROL NUMBER
System control number EN-112285
037 ## - SOURCE OF ACQUISITION
Source of stock number/acquisition DBAD/PUB
082 ## - DEWEY DECIMAL CLASSIFICATION NUMBER
Classification number 681.4120954
100 ## - MAIN ENTRY--PERSONAL NAME
Personal name Rajan, Mohan Sundara
245 ## - TITLE STATEMENT
Title Telescopes in India/
Statement of responsibility, etc Mohan Sundara Rajan; illustrated by Amal Khan
260 ## - PUBLICATION, DISTRIBUTION, ETC. (IMPRINT)
Place of publication, distribution, etc New Delhi
Name of publisher, distributor, etc National Book Trust
Date of publication, distribution, etc 2019
270 ## - ADDRESS
City New Delhi
Postal code 110070
Address Nehru Bhawan, 5 Institutional Area, Phase-II, Vasant Kunj
300 ## - PHYSICAL DESCRIPTION
Extent x+331p..
Dimensions 22cm(pbk)
Other physical details Including index and illustrations.
700 ## - ADDED ENTRY--PERSONAL NAME
Personal name Khan, Amal, Ill.
942 ## - ADDED ENTRY ELEMENTS (KOHA)
Source of classification or shelving scheme Dewey Decimal Classification
Item type English Books
Classification part 681.4120954
Call number suffix RAJ
Holdings
Withdrawn status Lost status Not for loan Collection code Home library Current library Date acquired Source of acquisition Cost, normal purchase price Full call number Barcode Copy number Cost, replacement price Koha item type
      Non-fiction Central Library Central Library 11/01/2021 DBAD/PUB 385.00 681.4120954 RAJ EN-112285 1 385.00 English Books

© Delhi Public Library
Hit Counter
free hit counter